000 01276nam0a22002771 4500
001 rc\4618067
005 20130416195358.0
021 _aRU
_b[64-60850]
035 _a(NLR Aleph) 008673266
090 _a9133209
_c9133209
100 _a20130416d1964 |||y0rusy50 ca
101 0 _arus
102 _aRU
105 _ay z |||||
200 1 _aСборник материалов для санитарно-просветительной работы по вопросам коммунальной гигиены
_fПод ред. И.С. Соколова
_gЦентр. науч.-исслед. ин-т сан. просвещения М-ва здравоохранения СССР
210 _aМосква
_cБ. и.
_d1964
215 _a178 с.
_d21
320 _aБиблиогр. в конце статей
606 _aКоммунальная гигиена
_xСанитарно-просветительная работа
_2psbo
702 1 _aСоколов
_bИ. С.
_gИван Сергеевич
_4340
712 0 2 _aЦентральный науч.-исслед. ин-т санитарного просвещения
_cМосква
_3RU\NLR\AUTH\8810009035
801 0 _aRU
_bNLR
_gpsbo
801 1 _aRU
_bELAR
_2rusmarc
852 _aNLR
_j64-5/8981
942 _cBOOK
980 _aNB